Ιστορίες για ροκάδες
Αποθηκεύτηκε σε:
| Μορφή: | CD Ηχητικό |
|---|---|
| Γλώσσα: | Greek |
| Δημοσίευση: |
Θεσσαλονίκη :
ANO-KATO RECORDS,
|
| Σειρά: | Συλλογή δίφωνο ;
; 33 |
| Θέματα: | |
| Ετικέτες: |
Προσθήκη ετικέτας
Δεν υπάρχουν, Καταχωρήστε ετικέτα πρώτοι!
|
MARC
| LEADER | 00000cjm a2200000 i 4500 | ||
|---|---|---|---|
| 001 | 1/54679 | ||
| 007 | sd fs gn m ed | ||
| 008 | 040513s gr gre d | ||
| 028 | 0 | 1 | |a AK-033 |b ΑΝΟ ΚΑΤΟ RECORDS |
| 035 | |l 10073303 | ||
| 040 | |a GR-MY-UA |b gre |e aacr | ||
| 041 | 0 | |a gre | |
| 082 | 0 | |a 782.42166 |2 (21η εκδ.) | |
| 245 | 1 | 0 | |a Ιστορίες για ροκάδες |h [ηχογράφηση] |
| 260 | |a Θεσσαλονίκη : |b ANO-KATO RECORDS, | ||
| 300 | |a 1 δίσκος κόμπακτ (61 λεπτ., 88 δευτ.); |b ψηφιακός,στέρεο; |c 4 3/4 ιν. | ||
| 490 | 1 | |a Συλλογή δίφωνο |v ; 33 | |
| 500 | |a Συνοδευτικό CD του περιοδικού Δίφωνο,τεύχους 33 | ||
| 505 | 0 | |a 1. Θεσσαλονίκη/Ξύλινα σπαθιά--2. Αδέρφια στην κόλαση/Μωρά στη φωτιά--3. Αμνησία/Τρύπες--4. Άρωμα/Μάσκες--5. Όνειρο/Άλλοθι--6. Το παυσίπονο/Μωρά στη φωτιά--7. Αφού σου το'πα/Ξύλινα Σπαθιά--8. Όνειρα/Ερασιτέχνες Εραστές--9. Χωρίς Εμένα/Τρύπες--10. Τα φώτα της πόλης/Ερασιτέχνες Εραστές--11. Σιωπή/Ξυλινα Σπαθιά--12. Υποσχέσεις/Μωρά στη φωτιά--13. Αγάπη αλεργική/Γιώργος Κούκιος--14. Περνάει το χτες/Ισίδωρος Παπαδάμου--15. Σπουργίτι κι αετός/Οι υδρόγειο--16. Από τα πολλά που μου 'χεις καμωμένα/Ιδιόμελο--17. Χασαπικα του κυρ-Τάσου/Μπάντα της Φλώρινας | |
| 650 | 0 | 0 | |a Rock music |z Greece. |
| 830 | 0 | |a Συλλογή δίφωνο ; |v ; 33 | |
| 852 | |a INST |b LESVOS |c AV |e 20040513 |h 782.42166 ΙΣΤ |p 005100028251 |q 005100028251 |t CD |y 23 | ||
| 901 | |a BIBL1-2004-2 | ||
| 909 | |a Λ |b 111239 | ||
| 970 | |a ΜΑΡΙΝΑΤΟΥ |b ΜΥΡΣΙΝΗ |z 2004/05/13 | ||